000
00301pam a2200133 a 4500
020
_c
041
_a
eng
082
_b
BHA
100
_a
Bhatnagar, S.S.
245
_a
A Class Book Of Pratical Botany Vol- I
_h
Textual Documents
260
_a
Agra:
_b
Ratan Prakashan.
300
_a
546.
930
_a
17093
999
_c
93993
_d
93993